| Поле | Название | Значение |
| |
Тип записи |
c |
| |
Библиографический уровень |
m |
| 001 |
Контрольный номер |
LIBNET\0000727081 |
| 005 |
Дата корректировки |
20201206205123.5 |
| 010 |
Индекс ISBN |
__ |
| a |
ISBN |
978-5-496-02160-9 |
| d |
Цена |
287-00 |
| 100 |
Данные общей обработки |
__ |
| a |
Данные общей обработки |
19180315d2017||||||| 0rusy0189 ca |
| 101 |
Язык документа |
0_ |
| a |
Язык текста |
rus |
| 102 |
Страна публикации |
__ |
| a |
Страна публикации |
ru |
| 102 |
Страна публикации |
__ |
| a |
Страна публикации |
RU |
| 105 |
Кодированные данные (монография) |
__ |
| a |
Кодированные данные (монография) |
g|||||||000zy |
| 200 |
Заглавие и сведения об ответственности |
1_ |
| a |
Заглавие |
Учимся играть на гитаре. Классика и современные хиты + обучающий аудиокурс |
| f |
Первые сведения об ответственности |
Дмитрий Агеев |
| b |
Общее обозначение материала |
Ноты |
| 210 |
Выходные данные |
__ |
| a |
Место издания |
Санкт-Петербург [и др.] |
| c |
Издательство |
Питер |
| d |
Дата издания |
2017 |
| 215 |
Физическое описание |
__ |
| a |
Объем |
111, [1] с. |
| c |
Иллюстрации/тип воспроизводства |
нот. |
| d |
Формат |
25 см |
| 225 |
Серия |
__ |
| a |
Серия |
Серия "Музыкальная гостиная" |
| 300 |
Общие примечания |
__ |
| a |
Общие примечания |
3000 экз. |
| 300 |
Общие примечания |
__ |
| a |
Общие примечания |
Аудиокурс: https://goo.gl/yRczAt |
| 330 |
Аннотация |
__ |
| a |
Аннотация |
Пора забыть о скучном повторении упражнений! Обучайся игре на гитаре на красивейших мелодиях! Подборка удовлетворит вкус любого меломана: зарубежные и отечественные хиты, классические композиции, саундтреки к фильмам и даже к японским аниме! Разучивай композиции по порядку - и от простого к сложному, шаг за шагом, овладеешь как традиционной пальцевой техникой, так и смешанной! Табулатуры и советы, а также композиции самого автора - Дмитрия Агеева, преподавателя с 15-летним стажем - помогут исполнять композиции по-настоящему эффектно! Аудиокурс можно скачать по ссылке: https://goo.gl/yRczAt. |
| 517 |
Другие варианты заглавия |
__ |
| a |
Другие варианты заглавия |
Классика и современные хиты + обучающий аудиокурс |
| 606 |
Тематические рубрики |
__ |
| a |
Основная рубрика |
Музыка и зрелищные искусства |
| 606 |
Тематические рубрики |
__ |
| a |
Основная рубрика |
Инструментальная музыка |
| 610 |
Ключевые слова |
__ |
| a |
Ключевые слова |
аккорды |
| a |
Ключевые слова |
гитарная музыка |
| a |
Ключевые слова |
гитары |
| a |
Ключевые слова |
игра на гитаре |
| a |
Ключевые слова |
техника игры |
| 686 |
Индексы других классификаций |
__ |
| 2 |
Код системы |
rubbks |
| a |
Классификационный индекс |
85.956.4 |
| 700 |
Автор |
_1 |
| a |
Фамилия |
Агеев |
| b |
Имя |
Д. В. |
| g |
Полное личное имя |
Дмитрий Викторович |
| 4 |
Код отношения |
070 |
| 801 |
Источник записи |
_0 |
| a |
Страна |
ru |
| b |
Организация |
Тюменская ОНБ |
| c |
Дата составления |
20180315 |
| g |
Правила каталогизации |
RCR |
| 801 |
Источник записи |
_1 |
| a |
Страна |
ru |
| b |
Организация |
Тюменская ОНБ |
| c |
Дата составления |
20180315 |
| g |
Правила каталогизации |
RCR |
| 852 |
Данные о местонахождении |
__ |
| j |
Шифр хранения |
85.956.4 |
| i |
Авторский знак |
А 23 |
| 901 |
Тип документа |
__ |
| t |
Тип документа |
m |
| a |
Ответственный |
КиК/Лукашук |
| 903 |
Характеристики (МАРС) |
__ |
| a |
Дата передачи |
20180315 |
| 969 |
Тип издания |
__ |
| a |
Тип издания |
нотное издание; издание для досуга |
| 990 |
Данные о заказе (DOS) |
__ |
| j |
Количество экземпляров (DOS) |
3 |
| t |
N записи в КСУ для И/У (DOS) |
201804 |